00338nam a22000857a 4500008004100000245011100041260005800152300002300210650001900233200406b ||||| |||| 00| 0 eng d a2011/12 Household Budget Survey Tanzania Mainland:bKey Findings/cMinistry of Finance.-hEnglish:Swahili. aDar Es Salaam:bNational Bureau of Statistics,c2013. a12p;bill;c30cm.- 2BUDGET SURVEYS